000 01137nam a22002657a 4500
005 2009080405165.0
008 090728t xxu||||| |||| 00| 0 pun d
010 _aPUN-7421
020 _c120.00
035 _aPN-6539
037 _bDBAD / PUB/Sri Ravidas Trust
040 _adpl
_bPN
082 _a230.44
100 _937323
_aਬਾਵਾ,ਸੁਰਿੰਦਰ ਦਾਸ
245 _aਅੰਮ੍ਰਿਤਬਾਣੀ ਸਤਿਗੁਰੂ ਰਵਿਦਾਸ ਜੀ ਮਹਾਰਾਜ ਜੀ /
_cਸੁਰਿੰਦਰ ਦਾਸ ਬਾਵਾ
246 _aAmritbaani Satguru Ravidas Maharaj ji
_bby Surinder Das Bawa
260 _aVaransi
_bSri Guru RavidasTrust
_c2011
270 _bVaransi (U.P.)
_aSri Guru Ravidas janam sthaan public chritable trust
300 _a352ਪਂ;
_b21ਸੇਂਮੀ(ਸਜਿਲਦ)
650 _937324
650 _937325
700 _952947
942 _2ddc
_cPN
_h230.44
_mਬਾਵਾਸੁ
999 _c70969
_d70969